000 00713cam a2200241 4500
001 ABS65341
008 020415n2002 000 0 eng u
035 _a(Sirsi) u117468
245 _aRegional survey: Cambridgeshire
260 _c2002
490 _aProperty Week
_v67(12) 28 March 2002, 49-64(6)
590 _aABS
650 _aCAMBRIDGE
650 _aCAMBRIDGESHIRE
650 _aDEVELOPMENT LAND TAX
650 _aPROPERTY-COMMERCIAL PROPERTY-OFFICE PROPERTY-OFFICE PROPERTY MARKET
650 _aINDUSTRIAL MARKET
650 _aRESIDENTIAL MARKET
650 _aSTRUCTURE PLANS
650 _aPLANNING REFORM
690 _aPROPERTY-COMMERCIAL PROPERTY-COMMERCIAL PROPERTY MARKET
942 _n0
999 _c69977
_d69977